| 000 | 00563nam a22001817a 4500 | ||
|---|---|---|---|
| 005 | 20251108171007.0 | ||
| 008 | 250721s1994 xx 000 0 ara d | ||
| 082 | 1 | 4 | _a350.7509565/شرط |
| 245 | 1 | 0 | _aالشرطة في خدمة الشعب / |
| 264 | 1 |
_aعمان : _bدار الناس للصحافة والنشر والإعلام ناس برس، _c1994. |
|
| 300 | _a68ص | ||
| 490 | 0 |
_aسلسلة الكتاب الذهبي _v9 |
|
| 650 | 1 | 7 | _aالمن العام |
| 650 | 1 | 7 | _aالأردن |
| 650 | 1 | 7 | _aالتاريخ |
| 942 |
_2ddc _cBK |
||
| 999 |
_c53916 _d53916 |
||